Aktuální vývoj českého obchodu v globálním kontextu
TOP 10 globálnych obchodníkov. Stav svetového maloobchodu - dominancia amerických obchodných reťazcov. Pokles trhového podielu lokálnych obchodných firiem vrátane družstiev. TOP 10 globálnych dodávateľov. TOP 10 českých dodávateľov potravín.
Saved in:
| Main Author: | |
|---|---|
| Other Authors: | |
| Format: | Book Chapter |
| Language: | Czech |
| Subjects: | |
| Tags: |
No Tags, Be the first to tag this record!
|
MARC
| LEADER | 00000naa a2200000 4500 | ||
|---|---|---|---|
| 001 | r041497 | ||
| 005 | 20230522105448.6 | ||
| 041 | 0 | |a cze | |
| 044 | |a CZ | ||
| 245 | 1 | 0 | |a Aktuální vývoj českého obchodu v globálním kontextu |c Tomáš Krásný, Zdeněk Skála |
| 520 | |a TOP 10 globálnych obchodníkov. Stav svetového maloobchodu - dominancia amerických obchodných reťazcov. Pokles trhového podielu lokálnych obchodných firiem vrátane družstiev. TOP 10 globálnych dodávateľov. TOP 10 českých dodávateľov potravín. | ||
| 610 | 2 | 0 | |a obchod |
| 610 | 2 | 0 | |a siete obchodné |
| 610 | 2 | 0 | |a maloobchod |
| 610 | 2 | 0 | |a trh nákupný |
| 610 | 2 | 0 | |a Česko |
| 610 | 2 | 0 | |a reťazce obchodné |
| 100 | 1 | |a Krásný, Tomáš | |
| 700 | 1 | |a Skála, Zdeněk | |